| 000 | 01297cam a2200361 a 4500 | ||
|---|---|---|---|
| 999 |
_c10145 _d10145 |
||
| 001 | 2924513 | ||
| 003 | OSt | ||
| 005 | 20210216125114.0 | ||
| 008 | 890227m19891992miu 000 0 eng | ||
| 010 | _a 89000437 | ||
| 020 | _a0801067146 (v. 1) | ||
| 020 | _a0801067537 (v. 2) | ||
| 020 | _a0801067154 (v. 3) | ||
| 020 | _a0801067138 (v. 4) | ||
| 040 |
_aDLC _cDLC _dDLC |
||
| 041 | 0 | _aengheb | |
| 050 | 0 | 0 |
_aPJ4731.B53 _bOW97A |
| 082 | 0 | 0 |
_a221.4/4 _219 _bOW97A |
| 100 | 1 |
_aOwens, John Joseph, _d1918- |
|
| 245 | 1 | 0 |
_aAnalytical key to the Old Testament / _cJohn Joseph Owens. |
| 260 |
_aGrand Rapids, Mich. : _bBaker Book House, _cc1989-c1992. |
||
| 300 |
_a4 v. ; _c27 cm. |
||
| 500 | _aEnglish and Hebrew. | ||
| 500 | _a"The English Bible text in this publication is adapted from the RSV Bible"--T.p. verso. | ||
| 505 | 1 | _av. 1. Genesis-Joshua -- v. 2. Judges-2--Chronicles. -- v. 3. Ezra--Song of Solomon -- v. 4. Isaiah-Malachi. | |
| 630 | 0 | 0 |
_aBible. _pOld Testament _xStudy and teaching. |
| 650 | 0 |
_aHebrew language _xInflection. |
|
| 650 | 0 |
_aHebrew language _xParts of speech. |
|
| 730 | 0 | 2 |
_aBible. _pOld Testament. _lHebrew. _f1989. |
| 730 | 0 | 2 |
_aBible. _pOld Testament. _lEnglish. _sOwens. _f1989. |
| 906 |
_a7 _bcbc _corignew _d1 _eocip _f19 _gy-gencatlg |
||
| 942 |
_2ddc _cBK |
||